Medical Pharmacology (Record no. 6220)

MARC details
000 -LEADER
fixed length control field 00435nam a22001697a 4500
005 - DATE AND TIME OF LATEST TRANSACTION
control field 20230118100300.0
008 - FIXED-LENGTH DATA ELEMENTS--GENERAL INFORMATION
fixed length control field 200517b xxu||||| |||| 00| 0 eng d
020 ## - INTERNATIONAL STANDARD BOOK NUMBER
ISBN 9789385915567
041 ## - LANGUAGE CODE
Language code of text/sound track or separate title eng
082 ## - DEWEY DECIMAL CLASSIFICATION NUMBER
Classification number 615.3 UDA
100 ## - MAIN ENTRY--AUTHOR NAME
Personal name UDAY KUMAR PADMAJA
245 ## - TITLE STATEMENT
Title Medical Pharmacology
260 ## - PUBLICATION, DISTRIBUTION, ETC. (IMPRINT)
Place of publication New Delhi
Name of publisher CBS Publishers and distributors
Year of publication 2016
300 ## - PHYSICAL DESCRIPTION
Number of Pages 640
650 ## - SUBJECT ADDED ENTRY--TOPICAL TERM
Topical Term Pharmacy
General subdivision B.PHARMA
942 ## - ADDED ENTRY ELEMENTS (KOHA)
Koha item type Books
Holdings
Lost status Damaged status Collection code Home library Current library Shelving location Date acquired Source of acquisition Cost, normal purchase price Full call number Accession Number Koha item type
    PHARMACY JRU Library JRU Library Shelf - 21- E 17/05/2020 PURCHASE 495.00 615.3 UDA 23909 Books